El Conde de Maule. Don Nicolás de la Cruz Bahamonde.

Na minha lista:
Detalhes bibliográficos
Autor principal: Ibáñez Vergara, Jorge (autor)
Formato: Livro
Idioma:espanhol
Publicado em: Talca, Chile: Universidad de Talca, 1997.
Colecção:Identidad Regional.
Assuntos:
Tags: Adicionar Tag
Sem tags, seja o primeiro a adicionar uma tag!

MARC

LEADER 00000cam a2200000 a 4500
001 UCC8694
003 CL-VaPUC
005 20241022143627.0
008 190809e19970000cl |||||||||||||||||spa|d
999 |c 374946  |d 374944 
020 |a 956-7059-23-3 
040 |c Pontificia Universidad Católica de Valparaíso 
082 0 4 |a 923.1 IBA 1997  |2 21 
100 |a Ibáñez Vergara, Jorge,  |e autor  |9 516822 
245 1 0 |a El Conde de Maule.  |b Don Nicolás de la Cruz Bahamonde. 
260 |a Talca, Chile:  |b Universidad de Talca,  |c 1997. 
300 |a 396 páginas. 
490 0 |a Identidad Regional. 
500 |a c. Fondo Budge. Donación del Profesor Sr. Eduardo Cavieres. 05-08-2019. Contiene dedicatoria: "Para al historiador Don Eduardo Cavieres Figueroa, muy afectuosamente". 2010. 
583 |a last modification  |c 20190809 11:18:00  |k Rodrigo Vera 
600 |a Cruz y Bahamonde, Nicolás de la,  |c El Conde de Maule  |d 1760-1826  |x Biografía  |9 892585 
650 0 |a Biografías  |9 255210 
942 |c BK  |2 ddc 
945 |d 20190809 11:18:00  |a dcastane 
952 |0 0  |1 0  |3 erb  |4 0  |6 923_100000000000000_IBA_1997  |7 0  |8 X  |9 493731  |a FDOBUD  |b FDOBUD  |i 5594987  |o 923.1 IBA 1997  |p 5594987  |r 2019-11-24  |w 2019-11-24  |y BK_X  |z Catalogado en:20190809  |k BUD